000 00779nam a2200229Ia 4500
003 GCL
008 140319s9999 xx 000 0 ara d
040 _aGCL /
_cGCL
082 0 4 _a953.5
_bف خ
100 1 _aفتحية النبراوى
245 1 0 _aالخليج العربى دراسة فى تاريخ العلاقات الدولية والاقليمية /
_cفتحية النبراوى
700 1 _aمحمد مظهر مهنا
260 _a[S.N] :
_bمكتبه النهضه المصريه ،
_c1988
300 _a495 ص
490 _aكتب تاريخية
_v0
650 0 4 _aالكويت
650 0 4 _aتاريخ
650 0 4 _aالسعودية
650 0 4 _aالخليج العربى
650 0 4 _aالامارات العربية المتحدة
942 _2ddc
_cBK
999 _c42378
_d42378